000 003250000a22001450004500
020 _a970-718-304-7
082 0 4 _aB Ei68r
110 1 _aBaby Einstein
245 1 0 _aLas rimas de Bard / Susana del moral
300 _a[ 14 P. ]
500 _aTexto con solapas
650 1 4 _aLiteratura Infantil
001 1232
942 _cLGB
999 _c48403
_d48403